Utilisation of rubber effluent (1) (Record no. 72012)
[ view plain ]
| 000 -LEADER | |
|---|---|
| fixed length control field | 00414nam a2200169Ia 4500 |
| 100 ## - MAIN ENTRY--AUTHOR NAME | |
| Personal name | Kulkarni P R |
| 245 #0 - TITLE STATEMENT | |
| Title | Utilisation of rubber effluent (1) |
| 260 ## - PUBLICATION, DISTRIBUTION, ETC. (IMPRINT) | |
| Name of publisher | Planter |
| Year of publication | 1973 |
| 300 ## - PHYSICAL DESCRIPTION | |
| Number of Pages | 307-313 |
| 650 ## - SUBJECT ADDED ENTRY--TOPICAL TERM | |
| Topical Term | Effluent treatment |
| 650 ## - SUBJECT ADDED ENTRY--TOPICAL TERM | |
| Topical Term | Rubber effluent |
| 700 ## - ADDED ENTRY--PERSONAL NAME | |
| Personal name | Ho Peter |
| 700 ## - ADDED ENTRY--PERSONAL NAME | |
| Personal name | Ratnasabapathy M |
| 700 ## - ADDED ENTRY--PERSONAL NAME | |
| Personal name | Stanton W R |
| 942 ## - ADDED ENTRY ELEMENTS (KOHA) | |
| Koha item type | Journals |
| Withdrawn status | Lost status | Damaged status | Not for loan | Home library | Current library | Shelving location | Date acquired | Serial Enumeration / chronology | Koha item type |
|---|---|---|---|---|---|---|---|---|---|
| Journals | RRII Library | RRII Library | Rubber general | 17/12/2021 | Volume 49, Issue | Journals |